BIBLIOTECA

SENCICO

El diseño en siglo XX : los pioneros del siglo (Registro nro. 750)

Detalles MARC
000 -LEADER
fixed length control field 00885nam a2200277Ia 4500
005 - DATE AND TIME OF LATEST TRANSACTION
control field 20251020182447.0
008 - FIXED-LENGTH DATA ELEMENTS--GENERAL INFORMATION
fixed length control field 200515s9999 xx 000 0 und d
020 ## - INTERNATIONAL STANDARD BOOK NUMBER
International Standard Book Number 84-89396-19-I
082 ## - DEWEY DECIMAL CLASSIFICATION NUMBER
Classification number 608.5:302/S73
100 ## - MAIN ENTRY--PERSONAL NAME
Personal name Sparke, Penny
245 #0 - TITLE STATEMENT
Title El diseño en siglo XX : los pioneros del siglo
250 ## - EDITION STATEMENT
Edition statement 1a ed.
260 ## - PUBLICATION, DISTRIBUTION, ETC.
Place of publication, distribution, etc. Barcelona
260 ## - PUBLICATION, DISTRIBUTION, ETC.
Name of publisher, distributor, etc. BLUME
260 ## - PUBLICATION, DISTRIBUTION, ETC.
Date of publication, distribution, etc. 1998
300 ## - PHYSICAL DESCRIPTION
Extent 272
300 ## - PHYSICAL DESCRIPTION
Other physical details il.
500 ## - GENERAL NOTE
General note 1 ejemplar
520 ## - SUMMARY, ETC.
Summary, etc. Se describen los movimientos estilísticos mas importantes de los últimos cien años y se traza el perfil de los diseñadores mas relevantes del siglo. Cada apartado dedicado a un diseñador informa acerca de su obra, su fuente de inspiración y su influencia
650 ## - SUBJECT ADDED ENTRY--TOPICAL TERM
Topical term or geographic name entry element DISEÑO
650 ## - SUBJECT ADDED ENTRY--TOPICAL TERM
Topical term or geographic name entry element DISEÑO INDUSTRIAL
650 ## - SUBJECT ADDED ENTRY--TOPICAL TERM
Topical term or geographic name entry element POSTMODERNISMO
650 ## - SUBJECT ADDED ENTRY--TOPICAL TERM
Topical term or geographic name entry element VANGUARDISMO
942 ## - ADDED ENTRY ELEMENTS (KOHA)
Koha item type Libros
Existencias
Fecha de la última vez que lo usaron Pago total Signatura topográfica completa Código de barras Precio efectivo desde Tipo de documento Estado perdido Estado dañado No es para préstamo Retirado Ubicación permanente Ubicación actual Fecha de adquisición
15/05/2020   608.5:302/S73 Bib-Lima15050750 15/05/2020 Libros         Biblioteca Central Lima Biblioteca Central Lima 15/05/2020